000
00332nam a2200121Ia 4500
008
180130s9999||||xx |||||||||||||| ||und||
020
_c
NT499
_a
978-986-320-718-4
100
_a
廖月娟
245
0
_c
廖月娟
_a
成為賈伯斯:天才巨星的挫敗與孕成
250
_a
一版
260
_c
2015.05
_a
台北市
300
_c
cm.
_a
p.
942
_2
ccl
_c
BOOK
999
_c
813
_d
813